000 00385nam a22001577a 4500
005 20250123114336.0
008 250123b |||||||| |||| 00| 0 eng d
020 _a9780205426959
050 _aHM51
_b HEN
100 _aHenslin, James M.
245 _aSociology;
_ba down to earth approach
250 _a7th
260 _bPearson
300 _axiiv, 631p;
_bill.;
942 _2lcc
_cBK
_n0
999 _c2909
_d2909